Statistics for Title in the Lyrics - Frank Sinatra

Click here to take the quiz!

General Stats

  • This quiz has been taken 9,532 times
    (3,123 since last reset)
  • The average score is 9 of 16

Answer Stats

Lyric % Correct
Start spreading the news / I am leaving today / I want to be a part of it / {New} {York}, {New} {York}
92%
I traveled each and every highway / And more, much more than this / I did it {my} {way}
91%
{Love} {and} {marriage} / Go together like a horse and carriage
84%
Luck if you've been a lady to begin to with / {Luck} {be} {a} {lady} tonight
77%
{Fly} {me} {to} {the} {moon} / Let me play among those stars / Let me see what spring is like on Jupiter and Mars
73%
But where are the clowns? / {Send} {in} {the} {clowns} / Well, maybe next year
56%
{Strangers} {in} {the} {night} exchanging glances / Wondering in the night what were the chances /
we'd be sharing love before the night was through
56%
Down to Acapulco bay / It is perfect for a flying honeymoon, they say / {Come} {fly} {with} {me}, let's fly, fly away
51%
{My} {kind} {of} {town}, Chicago is
48%
{I}'{ve} {got} {you} {under} {my} {skin} / I've got you deep in the heart of me /
So deep in my heart that you're really a part of me
47%
Hates California, it's cold and damp / That's why {the} {lady} {is} {a} {tramp}
47%
{Three} {coins} {in} {the} {fountain} / Each one seeking happiness / Thrown by three hopeful lovers /
Which one will the fountain bless?
42%
Mere alcohol doesn't thrill me at all / So tell me why should it be true / That {I} {get} {a} {kick} {out} {of} {you}?
41%
{That}'{s} {life} / That's what all the people say / You're riding high in April / Shot down in May
41%
{Bewitched}, bothered and bewildered am I
38%
{It} {had} {to} {be} {you} / I wandered around, and I finally found / The somebody who / Could make me be true
22%

Score Distribution

Percentile by Number Answered

Percent of People with Each Score

Your Score History

You have not taken this quiz since the last reset